000 00284nam a22001337a 4500
008 180924b xxu||||| |||| 00| 0 eng d
020 _a33590
041 _aeng
080 _a510
100 _a37
101 _aMAT
245 _aSpherical Trigonometry
_cHells, L.M
942 _2udc
_cBK
999 _c48349
_d48349